| 000 | 00378nam a2200145Ia 4500 | ||
|---|---|---|---|
| 008 | 180921t1935 xxu||||| ||||o00| 0 eng d | ||
| 041 | _aeng | ||
| 245 | _aFerguson's Ceylon Directory : Mercantile Section : Banks And Banking In Ceylon | ||
| 260 | _c1935 | ||
| 300 | _a23 cm | ||
| 650 | _aMercantile | ||
| 942 | _cBK | ||
| 999 |
_c46841 _d46841 |
||
| 003 | LK-CoDNM | ||
| 040 |
_aLK-CoDNM _dLK-CoDNM _eLK-CoDNM |
||